| 000 | 01815cam a2200529 i 4500 | ||
|---|---|---|---|
| 001 | 56281 | ||
| 003 | KOSZ 005 | ||
| 005 | 20240318105916.0 | ||
| 008 | 240312s2008 pl a f 100 0 pol | ||
| 015 | _aUWD 2009/1970 | ||
| 020 | _a9788388724404 | ||
| 035 | _a991046942769705066 | ||
| 035 | _a(PL-WaBN)b22945143-48omnis_nlop | ||
| 035 | _ab22945143 | ||
| 035 | _a(OCoLC)297837871 | ||
| 035 | _axx001246949 | ||
| 035 | _a(PL)b0000002294514 | ||
| 035 | _a(EXLNZ-48OMNIS_NETWORK)9910438535305606 | ||
| 040 |
_aWA N _cWA N _dKOSZ 005/RW |
||
| 046 | _k2008 | ||
| 080 | _a004.62 | ||
| 080 | _a519.2 | ||
| 080 | _a(06) | ||
| 245 | 0 | 0 |
_aZastosowania statystyki i data mining w badaniach naukowych / _c[redakcja naukowa Janusz Wątroba]. |
| 260 |
_aKraków : _bStatSoft Polska, _c2008. |
||
| 300 |
_a88 stron : _bilustracje ; _c24 cm. |
||
| 336 |
_aTekst _btxt _2rdacontent |
||
| 337 |
_aBez urządzenia pośredniczącego _bn _2rdamedia |
||
| 338 |
_aWolumin _bnc _2rdacarrier |
||
| 380 | _aKsiążki | ||
| 380 | _aPublikacje naukowe | ||
| 388 | 1 | _a2001- | |
| 500 | _aMateriały na seminarium organizowane przez StatSoft Polska, październik 2008 r., Warszawa. | ||
| 504 | _aBibliografia przy referatach. | ||
| 650 | 7 |
_aData mining _2DBN |
|
| 650 | 7 |
_aMetody statystyczne _2DBN |
|
| 650 | 7 |
_aStatystyka _2DBN |
|
| 650 | 7 |
_aZastosowanie i wykorzystanie _2DBN |
|
| 655 | 7 |
_aMateriały konferencyjne _2DBN |
|
| 655 | 7 |
_aPraca zbiorowa _2DBN |
|
| 658 | _aInformatyka i technologie informacyjne | ||
| 700 | 1 |
_aWątroba, Janusz _eRedakcja |
|
| 710 | 2 |
_aStatsoft Polska _4pbl |
|
| 856 |
_uhttps://koha.tu.koszalin.pl/cgi-bin/koha/opac-detail.pl?biblionumber=56281 _yKatalog online BPK |
||
| 942 |
_2UKD _cKS |
||
| 999 |
_c56281 _d56281 |
||